00487nam a2200109Ia 4500008004100000050002200041100002900063245016600092260008600258300002100344521001200365140724s9999 xx 000 0 und d aRT 85b.G385 2014 aGervacio, Rose Leanne A. aRelationship between the learning styles and academic performance of nursing students of Southville International School and Colleges /cRose Leanne A. Gervacio. aLas Piñas, Philippines :bSouthville International School and Colleges,cc2014. a131 p. :c28 cm. aNursing